000 00523nam a2200181 a 4500
001 4218
003 CO-ViMGA
008 141112s2004 ck r 000 u spa d
040 _aCO-ViMGA
_bspa
_cCO-ViMGA
082 0 4 _a937.07 C672
100 1 _aCodoñer, Carmen
_96214
245 1 0 _aRoma y su imperio /
_cCodoñer Carmen , Fernández Corte Carlos
260 _aSantafé de Bogotá :
_bRei Andes,
_c1993
300 _a112 p
490 _aBiblitoeca básica de historia
650 1 4 _aROMA - HISTORIA
_96215
942 _2ddc
_cBK
999 _c16232
_d16232